000 01534cam a2200361 a 4500
001 lostinreeds00huls
003 CaSfIA
005 20210118165428.0
007 cr||||
008 820305s1980 onca j 000 1 eng
040 _aNLC
_beng
_cNLC
_dOCL
_dNLGGC
_dCaSfIA
016 _a820023329
016 _aB8290155
_2bccb
020 _a0888157665 :
_c$2.95
020 _a9780888157669
035 _a(OCoLC)15921929
041 1 _aeng
_hdut
055 0 2 _aPT5844*
055 0 0 _aPT5844 H85
_bT8713Juv
082 0 _a839.3/13/64
_219
100 1 _aHulst, W. G. van de
_q(Willem Gerrit van de),
_db. 1879.
245 1 0 _aLost in the reeds /
_h[electronic resource]
_cby W.G. Vandehulst, Jr. ; illustrated by the author ; [translated by Johannes De Viet].
260 _aSt. Catharines, Ont. :
_bPaideia Press,
_cc1980.
300 _a93 p. :
_bill. ;
_c21 cm.
500 _aTranslation of: Tussen het gele riet.
029 0 _aNLC
_b820023329
029 1 _aNLGGC
_b832335568
856 4 1 _uhttp://www.archive.org/details/lostinreeds00huls
_zFree eBook from the Internet Archive
856 4 2 _uhttp://www.openlibrary.org/books/OL24212925M
_zAdditional information and access via Open Library
942 _cEB
506 _fНеобхідна авторизація на https://archive.org/ (створення облікового запису безкоштовно)
506 _fНеобхідна авторизація на https://openlibrary.org/ (створення облікового запису безкоштовно)
999 _c520665
_d520665